Episcopalianism in nineteenth-century Scotland : religious responses to a modernizing society /

Bibliographic Details
Main Author: Strong, Rowan
Format: eBook
Language:English
Published: Oxford ; New York : Oxford University Press, 2002.
Subjects:
Online Access:Connect to the full text of this electronic book

MARC

Tag First Indicator Second Indicator Subfields
LEADER 00000cam a2200000 a 4500
001 in00005703421
005 20260318174028.3
006 m o d
007 cr cnu---unuuu
008 090210s2002 enkb ob 001 0 eng d
040 |a N$T  |b eng  |e pn  |c N$T  |d OCLCQ  |d MEAUC  |d CLU  |d IDEBK  |d E7B  |d OCLCQ  |d EBLCP  |d OCLCQ  |d MERUC  |d OCLCQ  |d OCLCF  |d OCLCQ  |d YDXCP  |d YNG  |d ZCU  |d UBY  |d PUL  |d OCLCQ  |d OCL  |d STBDS  |d FIE  |d OCLCQ  |d STF  |d CEF  |d AU@  |d OCLCQ  |d YOU  |d TKN  |d OL$  |d OCLCQ  |d HS0  |d OCLCQ  |d UCW  |d OCLCQ  |d OCLCO  |d UAB  |d OCLCQ  |d BRX  |d OCLCQ  |d OCLCO  |d OCLCL  |d CLOUD  |d OCLCQ  |d OCLCO  |d OCLCQ 
016 7 |a 000023187744  |2 AU 
019 |a 63294631  |a 191826409  |a 319062987  |a 646785690  |a 666956641  |a 1035658491  |a 1057991604  |a 1077997214  |a 1196346459  |a 1256300485 
020 |a 9780191530364  |q (electronic bk.) 
020 |a 0191530360  |q (electronic bk.) 
020 |a 0199249229 
020 |a 9780199249220 
035 |a (OCoLC)302364854  |z (OCoLC)63294631  |z (OCoLC)191826409  |z (OCoLC)319062987  |z (OCoLC)646785690  |z (OCoLC)666956641  |z (OCoLC)1035658491  |z (OCoLC)1057991604  |z (OCoLC)1077997214  |z (OCoLC)1196346459  |z (OCoLC)1256300485 
043 |a e-uk-st 
050 4 |a BX5300  |b .S77 2002eb 
072 7 |a REL  |x 003000  |2 bisacsh 
082 0 4 |a 283/.411/09034  |2 22 
084 |a 11.55  |2 bcl 
049 |a TXAM 
100 1 |a Strong, Rowan.  |1 https://id.oclc.org/worldcat/entity/E39PCjxFtJdp8K4MTmDXbHRxWC 
245 1 0 |a Episcopalianism in nineteenth-century Scotland :  |b religious responses to a modernizing society /  |c Rowan Strong. 
260 |a Oxford ;  |a New York :  |b Oxford University Press,  |c 2002. 
300 |a 1 online resource (xi, 347 pages) :  |b 1 map 
336 |a text  |b txt  |2 rdacontent 
337 |a computer  |b c  |2 rdamedia 
338 |a online resource  |b cr  |2 rdacarrier 
504 |a Includes bibliographical references (pages 312-332) and index. 
520 1 |a "Episcopalianism in Nineteenth-Century Scotland concentrates on the religious responses of various groups and cultures within Scottish Episcopalianism to the rise of an industrial society in nineteenth-century Scotland. After England, Scotland was quick to feel the impact of the industrial revolution of the late-eighteenth and nineteenth centuries, which transformed Scotland into a rapidly industrializing and urbanizing society. This new society also affected the Christian churches and religious believers. How it did so is examined in this book in the context of Scottish Episcopalianism. Among the Episcopalian sub-cultures examined are Episcopalian Gaels in the Highlands; the North-East crofters, farmers and fisherfolk; urban Episcopalians; Episcopalian aristocrats; and the effects in Scotland of Evangelicalism and Anglo-Catholicism within Episcopalianism. In addition to providing an outline of the history of Episcopalianism in Scotland from the sixteenth century to 1900, Rowan Strong argues for the importance of Episcopalianism and addresses the issue of Episcopalianism and Scottish identity. This is the first social history of Scottish Episcopalianism and its findings have relevance for research into the effects of modern society on religious belief."--Jacket 
588 0 |a Print version record. 
505 0 |a Map; Contents; List of Tables; List of Figures; Abbreviations; 1. Scottish Episcopalianism 1560-1900; 2. Traditional Rural Episcopalianism: The North-East; 3. Gaelic Episcopalianism; 4. Urban Episcopalianism; 5. Partisan Episcopalianism: Evangelicals and Anglo-Catholics; 6. Aristocratic Episcopalianism; 7. Episcopalianism and Scotland; Bibliography; Index. 
610 2 0 |a Episcopal Church in Scotland  |x History  |y 19th century. 
610 2 7 |a Episcopal Church in Scotland  |2 fast 
650 7 |a RELIGION  |x Christianity  |x Anglican.  |2 bisacsh 
650 1 7 |a Church of Scotland.  |2 gtt 
650 1 7 |a Episcopal Church  |z Scotland.  |2 gtt 
648 7 |a 1800-1899  |2 fast 
655 7 |a Electronic books.  |2 local 
655 7 |a History  |2 fast 
758 |i has work:  |a Episcopalianism in nineteenth-century Scotland (Text)  |1 https://id.oclc.org/worldcat/entity/E39PCH397GGFqpPwJpQB6WXvtq  |4 https://id.oclc.org/worldcat/ontology/hasWork 
776 0 8 |i Print version:  |a Strong, Rowan.  |t Episcopalianism in nineteenth-century Scotland.  |d Oxford ; New York : Oxford University Press, 2002  |z 0199249229  |z 9780199249220  |w (DLC) 2001055483  |w (OCoLC)48391018 
856 4 0 |u http://proxy.library.tamu.edu/login?url=https://academic.oup.com/book/27030  |z Connect to the full text of this electronic book  |t 0 
955 |a Oxford Scholarship Online 
994 |a 92  |b TXA 
999 f f |i 971182a8-bf9c-4014-856e-750f764f273e  |s 0e82ae1c-e949-49af-b31f-fe16b7fe031c  |t 0 
952 f f |a Texas A&M University  |b College Station  |c Electronic Resources  |s www_evans  |d Available Online  |t 0  |e BX5300 .S77 2002eb  |h Library of Congress classification 
998 f f |a BX5300 .S77 2002eb  |t 0  |l Available Online